000 01558nam a2200253Ia 4500
999 _c38452
_d38452
001 4464
003 GE_BSU
005 20190517155548.0
008 181216s1987|||| |||||||||||||| ||geo||
040 _cGE_BSU
041 _ageo
080 _a536(072) მ–50
245 _aმეთოდური მითითებები ლაბორატორიული სამუშაოების შესასრულებლად საგანში "სათბობი და წვის თეორია" /
_cშემდგ . მ.ყიფშიძე ; თ.ჯიშკარიანი ; გ.არაბიძე ; მ.ჯანელიძე ; რედ : მ.ძიძიგური.
264 _aთბილისი :
_bსპი,
_c1987.
300 _a95 გვ :.
_c20 სმ.
653 _aმეთოდური მითითებები ლაბორატორიული სამუშაოების შესასრულებლად საგანში "სათბობი და წვის თეორია".
653 _aფიზიკა
700 _aყიფშიძე,მ
_eშემდგენელი
_91312
700 _aჯიშკარიანი, თ
_eშემდგენელი
_91313
700 _aარაბიძე, მ
_eშემდგენელი
_91314
700 _aჯანელიძე, მ
_eშემდგენელი
_91315
700 _aძიძიგური, მ
_eრედაქტორი
_9472
942 _cBK
_2udc